| 000 -LEADER |
| fixed length control field |
00352nam a22001457a 4500 |
| 003 - CONTROL NUMBER IDENTIFIER |
| control field |
OSt |
| 005 - DATE AND TIME OF LATEST TRANSACTION |
| control field |
20200706120753.0 |
| 008 - FIXED-LENGTH DATA ELEMENTS--GENERAL INFORMATION |
| fixed length control field |
200706b ||||| |||| 00| 0 eng d |
| 020 ## - INTERNATIONAL STANDARD BOOK NUMBER |
| International Standard Book Number |
9780415318785 |
| 082 ## - DEWEY DECIMAL CLASSIFICATION NUMBER |
| Classification number |
711.4 |
| Item number |
MOO |
| 100 ## - MAIN ENTRY--PERSONAL NAME |
| Personal name |
Moor, Malcolm, Rowland, Jon |
| Dates associated with a name |
1944- |
| 245 ## - TITLE STATEMENT |
| Title |
Urban design futures |
| 260 ## - PUBLICATION, DISTRIBUTION, ETC. (IMPRINT) |
| Name of publisher, distributor, etc |
Routledge |
| Date of publication, distribution, etc |
2006 |
| 942 ## - ADDED ENTRY ELEMENTS (KOHA) |
| Source of classification or shelving scheme |
|